| 000 | 00830nam a22002057a 4500 | ||
|---|---|---|---|
| 003 | NALT | ||
| 005 | 20220718160534.0 | ||
| 008 | s2547 th tha d | ||
| 020 | _a9749245695 | ||
| 040 | _aNALT | ||
| 041 | _atha | ||
| 050 |
_aDS 592.6 _bท722 2547 |
||
| 245 | 0 | 0 | _aเที่ยวรอบโลกชุดดินแดนในฝัน มาเลเซีย-บรูไน. |
| 260 |
_aกรุงเทพฯ : _bอทิตตา, _c2547 |
||
| 300 |
_a216 หน้า : _bภาพประกอบ ; _c21 ซม. |
||
| 650 | 0 | 4 | _aบรูไน -- ภูมิประเทศและการท่องเที่ยว |
| 650 | 0 | 4 | _aมาเลเซีย -- ภูมิประเทศและการท่องเที่ยว |
| 850 | _aNALT | ||
| 942 |
_cGB _2lcc |
||
| 999 |
_c47985 _d47985 |
||
| 998 |
_j109 _k นางสาวอารีรัตน์ วิชาช่าง |
||